|
|
|
|
| LEADER |
01149nam a2200265 a 4500 |
| 001 |
GR-MES12486 |
| 008 |
070614s enk b 001 0 gre d |
| 020 |
|
|
|a 0761949143
|
| 040 |
|
|
|a GrPaTEI
|b gre
|c GR-PaULI
|
| 040 |
|
|
|a GrPaTEI
|b gre
|c GR-PaULI
|
| 082 |
|
0 |
|a 364.36
|2 22
|
| 245 |
0 |
0 |
|a Youth Justice :
|b critical readings ; edited by John Muncie , Gordon Hughes , Eugene McLaughlin.
|
| 260 |
|
|
|a London
|a Thousand Oaks :
|b Sage in association with Open University,
|c 2002
|
| 300 |
|
|
|a xii , 476σ. ;
|c 25εκ.
|
| 504 |
|
|
|a Περιλαμβάνει βιβλιογραφίες και ευρετήριο.
|
| 650 |
|
0 |
|a Juvenile delinquents
|
| 650 |
|
0 |
|a Juvenile justice , Administration of
|
| 650 |
|
4 |
|a Παραβατικότητα ανηλίκων
|z Μεγάλη Βρετανία
|
| 700 |
1 |
|
|a Hughes, Gordon
|
| 700 |
1 |
|
|a McLaughlin, Eugene
|
| 700 |
1 |
|
|a Muncie, John
|
| 942 |
|
|
|2 ddc
|
| 952 |
|
|
|0 0
|1 0
|2 ddc
|4 0
|6 364_360000000000000_YOU
|7 0
|9 271165
|a MSLG
|b MSLG
|c BSC
|d 2021-01-17
|e 24
|f 0
|g 0.00
|l 0
|o 364.36 YOU
|p 2420000021947
|r 2021-01-17 00:00:00
|t 1
|w 2021-01-17
|y BK15
|x 20070614 0 1
|x GrPaTEI
|
| 971 |
|
|
|a .b25785333
|b 15-04-20
|c 13-09-16
|
| 999 |
|
|
|c 156586
|d 156586
|